[Event "Barcelona Martorell-chB 37th"]
[Site "Martorell"]
[Date "2019.11.16"]
[Round "9.1"]
[White "Esteve Paez, Sergi"]
[Black "Romeu Perulles, Jaume"]
[Result "1/2-1/2"]
[WhiteElo "1609"]
[BlackElo "1765"]
[PlyCount "45"]
[EventDate "2019.09.14"]
[EventType "swiss"]
[EventRounds "9"]
[EventCountry "ESP"]
[SourceTitle "EXT 2024"]
[Source "ChessBase"]
[SourceDate "2023.10.10"]
[SourceVersion "1"]
[SourceVersionDate "2023.10.10"]
[SourceQuality "1"]

1. e4 e5 2. Qh5 Nc6 3. Bc4 g6 4. Qf3 Nf6 5. Ne2 Bg7 6. Nbc3 0-0 7. d3 h6 8. h3 d6 9. a3 a6 10. g4 Nh7 11. Nd5 Kh8 12. Qg3 Be6 13. Rg1 Ne7 14. Nxe7 Qxe7 15. Nc3 Bxc4 16. dxc4 c6 17. Bd2 b5 18. cxb5 axb5 19. Na2 c5 20. Nc3 Qd7 21. Nd5 Qb7 22. g5 h5 23. Qb3 1/2-1/2

[Event "Barcelona Martorell-chB 37th"]
[Site "Martorell"]
[Date "2019.10.26"]
[Round "7.2"]
[White "Esteve Paez, Sergi"]
[Black "Martinez Ferrer, Albert"]
[Result "1-0"]
[WhiteElo "1609"]
[BlackElo "1780"]
[PlyCount "61"]
[EventDate "2019.09.14"]
[EventType "swiss"]
[EventRounds "9"]
[EventCountry "ESP"]
[SourceTitle "EXT 2024"]
[Source "ChessBase"]
[SourceDate "2023.10.10"]
[SourceVersion "1"]
[SourceVersionDate "2023.10.10"]
[SourceQuality "1"]

1. Nf3 d5 2. c4 c6 3. e3 e6 4. Nc3 Nf6 5. b3 Nbd7 6. d4 a6 7. Qc2 b5 8. c5 Be7 9. Bb2 Qc7 10. Bd3 Bb7 11. h3 h6 12. Ne2 a5 13. a3 Ba6 14. b4 axb4 15. 0-0-0 0-0-0 16. Ne5 Nxe5 17. dxe5 Nd7 18. f4 Nf8 19. Nd4 Kb8 20. Qe2 Ka8 21. g4 Qd7 22. Bc2 Qb7 23. e4 Ng6 24. Rhf1 Nxf4 25. Rxf4 Bg5 26. Qf3 Qc7 27. Kb1 Rhf8 28. Nxe6 Qe7 29. Nxd8 Bxf4 30. Nxc6 Qg5 31. h4 1-0